1891 1043 1276 1527 1604 1163 1554 1210 1620 1209 1585 1208 1438 1251 1622 1244 1052 1056 1384 1539 1665 1197 1587 1482 1772 1339 1821 1483 1103 1165 1996 1239 1698 1377 1880 1070 1619 1763 1676 1411 1937 1805 1299 1015 1020 1129 1591 1064 1664 1371 1358 1087 1710 1181 1096 1834 1344 1791 1925 1045 1988 1963 1542 1868 1469 1750 1681 1803 1688 1776 1578 1818 1246 1564 1414 1117 1784 1980 1106 1532 1085 1401 1119 1156 1189 1591 1541 1688 1016 1959 1862 1833 1155 1971 1659 1836 1784 1511 1442 BCNSPRNW ULIB Ver.6.0+V

เปลี่ยนเป็นภาษาไทย

Change to English
 แสดงรายละเอียดบรรณานุกรม
  กลับหน้าหลัก

Brief Record : Get Marc (ISO 2709) : E-mail record : QR code < ปิดหน้าต่าง
LEADER : 00000nas 2200000uu 4500
001    13399114049
003     ULIB
008    020711s|||| th a 000 0 tha d
022    ^a19061919
110    ^aวิทยาลัยพยาบาลบรมราชชนนี นครลำปาง
245    ^aวารสารวิชาการสุขภาพภาคเหนือ
260    ^aลำปาง :^bวิทยาลัยพยาบาลบรมราชชนนี นครลำปาง,^cม.ป.ป.
310    ^aราย 6 เดือน
850    ^aฉบับที่ 1 ปีที่ 3;ฉบับที่ 2 ปีที่ 1;ฉบับที่ 1 ปีที่ 2
945    ^p0^l0^i800041
945    ^p0^l0^i901724
945    ^p0^l0^i901725
999 ^a ใช้งานได้ทุกระบบ
รายการนี้ยังไม่มีแท็ก
คุณยังไม่ได้ล็อกอิน คุณสามารถมีกิจกรรมร่วมกับเว็บไซต์ได้ แต่ต้องล็อกอินก่อน ::
  ล็อกอิน

รายการสื่อสารสนเทศ (วารสาร)

ดูแบบ: กล่อง รายการ
ARRIVED
ฉบับที่ 2 ปีที่ 1
สถานที่: ห้องสมุดวิทยาเขตสวรรค์ประชารักษ์ >วารสาร
ARRIVED
ฉบับที่ 1 ปีที่ 2
สถานที่: ห้องสมุดวิทยาเขตสวรรค์ประชารักษ์ >วารสาร
ARRIVED
ฉบับที่ 1 ปีที่ 3
สถานที่: ห้องสมุดวิทยาเขตสวรรค์ประชารักษ์ >วารสาร
รายการใกล้เคียง
    ผู้แต่ง []

BibComment


ยังไม่เคยถูกคอมเมนท์

คอมเมนท์ทรัพยากรรายการนี้
  คอมเมนท์: วารสารวิชาการสุข..


 Copyright 2026. Bcnsprnw @Library